000 02029 a2200241 4500
001 39153
005 20260407155650.0
008 260407a1991 arg spa d
003 AR-UNSa-BCEJYS
040 _aAR-UNSa-BCEJYS
_bspa
_cAR-UNSa-BCEJYS
080 _a366.1
_xConducta del consumidor (Comportamiento del consumidor)
245 1 0 _aComportamiento del consumidor
020 _a978-968-880-185-7
250 _a3a. ed
264 1 _aMéxico :
_bPrentice-Hall Hispanoamericana
_c1991
300 _a740 p.
_c24 cm.
505 _aParte I.: Introducción: 1. Comporamiento del consumidor, introducción - 2. Segmentación de mercado - 3. Parte II: El consumidor como individuo: 3. Necesidades y motivación del consumidor - 4. Personalidad y comportamiento del consumidor - 5. Psicograficos del consumidor - 6. Percepción del consumidor - 7. Aprendizaje y participación del consumidor - 8. Naturaleza de las actitudes del consumidor - 9. Formación y cambio de actitudes del consumidor - 10. Comunicación y comportamiento del consumidor - Parte III: Los consumidores en el ambito cultural y social: 11. Dinámica de grupo y grupos de referencia del consmidor - 12. La familia - 13. Clase social y comportamiento del consumidor - 14. Influencia de la cultura en el comportamiento del consumidor - 15. Aspectos subculturales interculturales del comportamiento del consumidor - 16. Influencia personal y el proceso del liderazgo de opinión - 17. Divulgación de las innovaciones - 18. Toma de decisiones del consumidor - 19. Modelos de toma de decisiones del consumidor - Parte V:Ampliación del concepto del comportamiento del consumidor: 20. Aplicaciones del comportamiento del consumidor a organizaciones de servicios lucrativas y no lucrativas: consideraciones de política pública -
942 _cBK
590 _aniveau_biblio:m niveau_hierar:0
100 1 _aSchiffman, Leon G.
700 1 _aLazar Kanuk, Leslie
856 4 1 _uhttps://biblioeco.unsa.edu.ar/pmb/images/libros/L58899.jpg
_yImagen de portada
_qimage/jpeg
999 _c2962
_d2962